000
002720000a22000970004500
100
1
_a
Wise, Michael O.
245
1
0
_a
A note on the : "Three days" of 1 Maccabess 10:34
300
_a
Vol. 40, Num. 1 (Enero, 1990), Páginas 116-122
773
0
_t
Vetus Testamentum
942
_c
ANA
999
_c
57613
_d
57613